000 01242nam a2200229Ia 4500
001 L262-19480
003 IT-CnALBA
008 170116s9999||||xx |||||||||||||| ||und||
040 _aIT-CnALBA
_cIT-CnALBA
041 _aITALIANO
100 _aPIO XII, PAPA PACELLI EUGENIO.
245 0 _aL'ESISTENZA DI DIO ALLA LUCE DELLA SCIENZA MODERNA.
250 _a1a ed.
260 _aCINISELLO BALSAMO (MI)
_bEDIZIONI PAOLINE
_c1959 [1° Ed.:1959 - Ed.Ling.Originale: 1959]
300 _a19 p. (prefazione: 1)
500 _aDISCORSO DI PIO XII ALLA PONTIFICIA ACCADEMIA DELLE SCIENZE. NATURA E FONDAMENTO DELLE PROVE DELL'ESISTENZA DI DIO. NOTE CARATTERISTICHE DEL COSMO: LA MUTABILITA'. L'ETERNAMENTE IMMUTABILE. TRASFORMAZIONI. SVILUPPI DELL'UNIVERSO. PRINCIPIO DEL TEMPO. STAT
501 _aSocietà San Paolo EM - Piazza San Paolo, 14 - 12051 ALBA (CN) (non commercial uses only) ® Copyright 2017
520 _aDISCORSO DI PIO XII ALLA PONTIFICIA ACCADEMIA DELLE SCIENZE. NATURA E FONDAMENTO DELLE PROVE DELL'ESISTENZA DI DIO. NOTE CARATTERISTICHE DEL COSMO: LA MUTABILITA'. L'ETERNAMENTE IMMUTABILE. TRASFORMAZIONI. SVILUPPI DELL'UNIVERSO. PRINCIPIO DEL TEMPO. STAT
650 _aECCLESIOLOGIA
942 _cBK
957 _71
999 _a24219
_bNO
_g Copie: 1
_c278601
_d278601